[Event "Janske Lazne op"]
[Site "Janske Lazne"]
[Date "2013.05.11"]
[Round "7"]
[White "Svec, Ludek"]
[Black "Toman, Radek"]
[Result "1/2-1/2"]
[WhiteElo "1795"]
[BlackElo "1643"]
[PlyCount "166"]
[EventDate "2013.05.07"]
[EventType "swiss"]
[EventRounds "8"]
[EventCountry "CZE"]
[SourceTitle "CBM 154 Extra"]
[Source "ChessBase"]
[SourceDate "2013.06.25"]
[SourceVersion "2"]
[SourceVersionDate "2013.06.25"]
[SourceQuality "1"]

1. Nf3 b6 2. g3 Bb7 3. Bg2 Nf6 4. 0-0 e6 5. c4 c5 6. Nc3 Be7 7. d3 h6 8. Re1 0-0 9. e4 d6 10. d4 cxd4 11. Nxd4 a6 12. e5 dxe5 13. Bxb7 Ra7 14. Nc6 Nxc6 15. Bxc6 Qc7 16. Bg2 Qxc4 17. Qe2 Qxe2 18. Rxe2 Bd6 19. Be3 Rb8 20. Rd1 Bc5 21. Bxc5 bxc5 22. Na4 c4 23. a3 Rc7 24. Red2 Kh7 25. Rd8 Rb5 26. R1d2 e4 27. Nc3 Re5 28. h3 e3 29. fxe3 Rxe3 30. Kf2 Re5 31. g4 h5 32. Bf3 hxg4 33. hxg4 g5 34. Re2 Rxe2+ 35. Kxe2 Nd7 36. Ne4 Kh6 37. Kd2 f5 38. Nf2 Ne5 39. Bd1 Nf7 40. Re8 Rc6 41. Kc3 Kg6 42. Bc2 Kf6 43. gxf5 exf5 44. Nd1 Nd6 45. Rg8 Nb5+ 46. Kb4 Nd4 47. Ba4 Rc7 48. Nc3 Nc6+ 49. Bxc6 Rxc6 50. Nd5+ Ke6 51. Ne3 Rb6+ 52. Kc3 Rb3+ 53. Kd4 Kf7 54. Rxg5 Rd3+ 55. Kxc4 Rxe3 56. Rxf5+ Ke6 57. Ra5 Kd7 58. Rxa6 Kc7 59. b4 Kb7 60. Ra5 Kb6 61. Kd4 Rh3 62. Kc4 Rh4+ 63. Kc3 Rh3+ 64. Kc4 Rh4+ 65. Kb3 Rh3+ 66. Ka4 Rc3 67. Rh5 Rc6 68. Rh7 Rg6 69. Rh8 Kb7 70. Ka5 Ra6+ 71. Kb5 Rxa3 72. Rh7+ Kc8 73. Kb6 Rg3 74. Rh8+ Kd7 75. Rh6 Rb3 76. Rh4 Kc8 77. Rc4+ Kb8 78. b5 Rh3 79. Rc6 Rh7 80. Ka5 Ra7+ 81. Kb4 Ra1 82. Kc5 Kb7 83. Rh6 Rc1+ 1/2-1/2

[Event "Janske Lazne op"]
[Site "Janske Lazne"]
[Date "2013.05.09"]
[Round "4"]
[White "Neubauer, Vilem"]
[Black "Toman, Radek"]
[Result "1-0"]
[WhiteElo "1878"]
[BlackElo "1643"]
[PlyCount "79"]
[EventDate "2013.05.07"]
[EventType "swiss"]
[EventRounds "8"]
[EventCountry "CZE"]
[SourceTitle "CBM 154 Extra"]
[Source "ChessBase"]
[SourceDate "2013.06.25"]
[SourceVersion "2"]
[SourceVersionDate "2013.06.25"]
[SourceQuality "1"]

1. f4 d5 2. g3 Nf6 3. Nf3 Nc6 4. Bg2 e6 5. d3 Bc5 6. c3 a5 7. Nbd2 Ng4 8. Nb3 Bf2+ 9. Kf1 Bb6 10. Nbd4 Nxd4 11. cxd4 f5 12. h3 Nf6 13. e3 0-0 14. Ne5 Nd7 15. g4 Nxe5 16. dxe5 Bd7 17. gxf5 Rxf5 18. e4 dxe4 19. Bxe4 Bc6 20. Bxf5 Bxh1 21. Bxe6+ Kh8 22. Ke2 Bc6 23. Be3 Bxe3 24. Kxe3 Qe7 25. Qg4 Rf8 26. d4 Be8 27. Rg1 Bh5 28. Qg5 Qxg5 29. Rxg5 Bf7 30. Rf5 Kg8 31. Bxf7+ Rxf7 32. Rxf7 Kxf7 33. d5 g6 34. Kd4 b6 35. Kc4 Ke7 36. a4 h6 37. Kb5 g5 38. fxg5 hxg5 39. Kc6 Kd8 40. e6 1-0

[Event "Janske Lazne op-B"]
[Site "Janske Lazne"]
[Date "2006.05.07"]
[Round "6"]
[White "Kucera, Daniel"]
[Black "Toman, Radek"]
[Result "1/2-1/2"]
[WhiteElo "1709"]
[BlackElo "1611"]
[PlyCount "91"]
[EventDate "2006.??.??"]
[EventType "swiss"]
[EventRounds "9"]
[EventCountry "CZE"]
[SourceTitle "EXT 2008"]
[Source "ChessBase"]
[SourceDate "2007.11.25"]
[SourceVersion "1"]
[SourceVersionDate "2007.11.25"]
[SourceQuality "1"]

1. e4 e5 2. Nf3 Nc6 3. Bc4 Nf6 4. Nc3 h6 5. d4 exd4 6. Nxd4 d6 7. h3 Be7 8. Be3 Nxd4 9. Qxd4 c5 10. Qd3 0-0 11. 0-0-0 a6 12. a4 Be6 13. Nd5 Nxd5 14. Bxd5 Bxd5 15. Qxd5 Qc7 16. f4 b5 17. axb5 axb5 18. Kd2 Ra4 19. Ke2 Rfa8 20. g4 Kf8 21. h4 Qd7 22. Kf3 Qe6 23. Qb7 b4 24. b3 R4a7 25. Qb5 Qc8 26. Qd3 Qc6 27. g5 h5 28. Rhg1 Ra6 29. f5 g6 30. fxg6 fxg6 31. Kg3 Kg8 32. Rgf1 Rf8 33. Rxf8+ Bxf8 34. Rf1 Bg7 35. Qc4+ Kh7 36. Rf7 Ra8 37. Bd4 Rg8 38. Bf6 Qc8 39. e5 dxe5 40. Bxe5 Kh8 41. Bxg7+ Rxg7 42. Rxg7 Kxg7 43. Qf4 Qd7 44. Qf6+ Kh7 45. Qf4 Kg7 46. Qf6+ 1/2-1/2